The student's legal history / (Registro nro. 52682)
[ vista simple ]
| 000 -LEADER | |
|---|---|
| campo de control de longitud fija | 00478nam a2200169 i 4500 |
| 001 - NÚMERO DE CONTROL | |
| campo de control | 52682 |
| 003 - IDENTIFICADOR DE NÚMERO DE CONTROL | |
| campo de control | ES-MaACL |
| 005 - FECHA Y HORA DE LA ÚLTIMA TRANSACCIÓN | |
| campo de control | 20230906162627.0 |
| 007 - CAMPO FIJO DE DESCRIPCIÓN FÍSICA--INFORMACIÓN GENERAL | |
| campo de control de longitud fija | t| |
| 008 - DATOS DE LONGITUD FIJA--INFORMACIÓN GENERAL | |
| campo de control de longitud fija | 030902s1921 xxk ||||1| eng d |
| 100 1# - ENTRADA PRINCIPAL--NOMBRE DE PERSONA | |
| Nombre de persona | Deans, R. Storry. |
| 9 (RLIN) | 43102 |
| 245 14 - MENCIÓN DEL TÍTULO | |
| Título | The student's legal history / |
| Mención de responsabilidad, etc. | by R. Storry Deans. |
| 250 ## - MENCION DE EDICION | |
| Mención de edición | 4th ed. |
| 260 ## - PUBLICACIÓN, DISTRIBUCIÓN, ETC. | |
| Lugar de publicación, distribución, etc. | London : |
| Nombre del editor, distribuidor, etc. | Stevens & Sons, |
| Fecha de publicación, distribución, etc. | 1921 ( |
| Fabricante | Eastern Press Lts.) |
| 300 ## - DESCRIPCIÓN FÍSICA | |
| Extensión | IX, 218 p. ; |
| Dimensiones | 22 cm. |
| 852 ## - LOCALIZACIÓN | |
| Ubicación | ES-MaACL |
| Número de control de estantería | C-4378 |
| Sublocalización o colección | R.24142 |
| Estatus retirado | Estado de pérdida | Estado de daño | No para préstamo | Biblioteca de origen | Biblioteca actual | Ubicación en estantería | Fecha de adquisición | Fuente de adquisición | Total de préstamos | Signatura topográfica completa | Código de barras | Visto por última vez | Precio de reemplazo | Tipo de ítem Koha |
|---|---|---|---|---|---|---|---|---|---|---|---|---|---|---|
| Biblioteca del Ateneo de Madrid | Biblioteca del Ateneo de Madrid | Sala Palomar | 17/01/2008 | C-4378 | 1055369 | 23/02/2023 | 23/02/2023 | Libro impreso |
